000 01100nam0a22002771 4500
001 v19\rc\1951009
005 20260406004119.0
035 _a(NLR Aleph) 005268499
090 _a5974236
_c5974236
100 _a20080428d1913 |||y0rusy50 ca
101 0 _arus
102 _aRU
105 _aa z |||h|
200 1 _aСхемы: 1) кровообращения в головном мозгу и 2) расстройств речи
_e(Согласно требованиям комис. гос. испытаний)
_fПроф. М.Н. Лапинский
210 _aКиев
_cСтуд. клинич. о-во
_d1913
215 _a75 с.
_cил.
_d23
320 _aБиблиогр. в конце разделов
700 1 _8rus
_7ca
_aЛапинский
_bМ. Н.
_f1862-1947
_gМихаил Никитович
_3RU\NLR\AUTH\77113637
_996562
801 0 _aRU
_bNLR
_c20080428
_gpsbo
801 0 _aRU
_bRuMoRGB
_c20080428
_2psbo
801 1 _aRU
_bProSoft-M
_c20080428
_2rusmarc
801 2 _aRU
_bNLR
_c20120802
_2rusmarc
852 _aNLR
_j37.53.7.484
852 _aNLR
_bМф
_jК1/3202
942 _cBOOK
980 _aNB